[Event "Elit(LASK-Farsta)"]
[Site "?"]
[Date "2017.10.20"]
[Round "1"]
[White "Ong, Kezli"]
[Black "Cuenca Jimenez, Jose"]
[Result "0-1"]
[WhiteElo "2291"]
[BlackElo "2490"]
[PlyCount "78"]
1. e4 e6 2. d3 c5 3. Nf3 Nc6 4. g3 g6 5. Bg2 Bg7 6. O-O Nge7 7. Re1 d6 8. h4 e5
9. h5 gxh5 10. Bg5 f6 11. Be3 Bg4 12. Qd2 O-O 13. c3 Ng6 14. Na3 f5 15. exf5
Bxf5 16. Bg5 Qd7 17. Nc4 Kh8 18. Ne3 Be6 19. c4 h6 20. Nh4 Nxh4 21. Bxh4 Nd4
22. Nd5 Bg4 23. f4 Nf3+ 24. Bxf3 Bxf3 25. Rf1 Bxd5 26. cxd5 exf4 27. Kg2 fxg3
28. Bxg3 Rf5 29. Qe2 Rxd5 30. Rae1 Rg5 31. Kh2 Rxg3 32. Kxg3 Be5+ 33. Kh4 Qe7+
34. Kh3 Qe6+ 35. Kh4 Rg8 36. Rf4 Bf6+ 37. Rxf6 Qxf6+ 38. Kh3 Qf5+ 39. Kh2 Qf4+
0-1

[Event "Elit(Team Viking-Kungstornet)"]
[Site "?"]
[Date "2017.10.20"]
[Round "1"]
[White "Andersson, Fredrik"]
[Black "Westerberg, Jonathan"]
[Result "0-1"]
[WhiteElo "2286"]
[BlackElo "2498"]
[PlyCount "93"]
1. d4 Nf6 2. c4 e6 3. Nf3 d5 4. Nc3 dxc4 5. e3 a6 6. Bxc4 b5 7. Bb3 Bb7 8. O-O
Bd6 9. a3 Nbd7 10. Qe2 c5 11. e4 cxd4 12. Nxd4 O-O 13. Bg5 Qb8 14. h3 Bh2+ 15.
Kh1 Bf4 16. Bxf4 Qxf4 17. Rfe1 Rac8 18. Qe3 Qxe3 19. Rxe3 Nc5 20. Bc2 Rfd8 21.
Rd1 e5 22. Nf5 Rxd1+ 23. Bxd1 Rd8 24. f3 g6 25. Nh6+ Kg7 26. Ng4 Nxg4 27. hxg4
Nd3 28. Re2 b4 29. axb4 Nxb4 30. Bb3 Rd4 31. Na4 Bc6 32. Nc3 a5 33. Ba4 Bb7 34.
Bb5 Bc8 35. Kg1 Be6 36. Kf2 Bb3 37. Ke3 Nc2+ 38. Kf2 Rb4 39. Bd3 Nd4 40. Rd2
Bc2 41. Nd5 Rxb2 42. Ne3 a4 43. Nxc2 a3 44. Ke3 Rxc2 45. Rd1 a2 46. Ra1 Rxg2
47. f4 0-1

[Event "Elit(Limhamn-Stockholms SS)"]
[Site "?"]
[Date "2017.10.20"]
[Round "1"]
[White "Brynell, Stellan"]
[Black "Thorn, Eric"]
[Result "1-0"]
[WhiteElo "2415"]
[BlackElo "2320"]
[PlyCount "119"]
1. d4 Nf6 2. Nf3 e6 3. c4 Bb4+ 4. Bd2 a5 5. Nc3 b6 6. e3 Bb7 7. Bd3 O-O 8. O-O
d6 9. Qc2 Nbd7 10. a3 Bxc3 11. Bxc3 a4 12. Nd2 Re8 13. Rae1 e5 14. Qd1 Nf8 15.
Bc2 Qd7 16. d5 b5 17. e4 Ng6 18. g3 Ba6 19. f3 c6 20. Rf2 Rec8 21. Nf1 Qa7 22.
dxc6 Rxc6 23. cxb5 Bxb5 24. Ne3 Nf8 25. Kg2 Ne6 26. Rd2 Ne8 27. Nf5 Qc7 28. Rd5
Nc5 29. Ne3 Nf6 30. Rd2 Rca6 31. Bb4 Bd7 32. Nc4 Ne8 33. Nxe5 dxe5 34. Bxc5
Qxc5 35. Rxd7 Rb6 36. Rd5 Qc7 37. b4 axb3 38. Bxb3 Nf6 39. Rd3 h5 40. Re2 Rab8
41. Red2 Kh7 42. a4 Rb4 43. Bd5 Qa7 44. Qa1 Nxd5 45. exd5 f6 46. Qe1 Qxa4 47.
d6 Qd7 48. Rc3 Rb2 49. Qe2 Rxd2 50. Qxd2 Rd8 51. Rd3 Qe6 52. Qb4 Rd7 53. Rd2 f5
54. h4 Qg6 55. Rd5 e4 56. fxe4 fxe4 57. Qc5 Qf7 58. Rxh5+ Kg8 59. Qc8+ Qf8 60.
Rh8+ 1-0

[Event "Elit(LASK-Farsta)"]
[Site "?"]
[Date "2017.10.20"]
[Round "1"]
[White "Antonsen, Mikkel"]
[Black "Jaderberg, Bjorn"]
[Result "1-0"]
[WhiteElo "2441"]
[BlackElo "2151"]
[PlyCount "87"]
1. d4 e6 2. c4 f5 3. Nf3 Nf6 4. Nc3 d5 5. Bf4 c6 6. e3 Be7 7. Be2 O-O 8. h3 Ne4
9. Qc2 Nd7 10. O-O Kh8 11. Bh2 Bd6 12. Nxe4 Bxh2+ 13. Nxh2 fxe4 14. f3 Nf6 15.
fxe4 Nxe4 16. Rxf8+ Qxf8 17. Rf1 Qe7 18. Ng4 Bd7 19. Bd3 Nf6 20. Ne5 Be8 21.
Qf2 Nd7 22. Qf4 Kg8 23. Nxd7 Bxd7 24. Qc7 b6 25. Kh1 Qd8 26. Qd6 Qe8 27. e4
dxc4 28. Bxc4 Rd8 29. Qc7 Bc8 30. Rd1 b5 31. Bb3 a6 32. e5 Kh8 33. Rf1 h6 34.
Qf7 Qxf7 35. Rxf7 Bd7 36. Re7 Kh7 37. Kh2 a5 38. a3 b4 39. a4 h5 40. Kg3 Kh6
41. Kf4 g6 42. Ke3 c5 43. dxc5 Bc6 44. Rxe6 1-0

[Event "Elit(Team Viking-Kungstornet)"]
[Site "?"]
[Date "2017.10.20"]
[Round "1"]
[White "Pantzar, Milton"]
[Black "Glimbrant, Torbjorn"]
[Result "0-1"]
[WhiteElo "2241"]
[BlackElo "2268"]
[PlyCount "34"]
1. d4 d5 2. c4 c6 3. Nc3 Nf6 4. e3 e6 5. Nf3 Nbd7 6. Qc2 Bd6 7. b3 O-O 8. Be2
e5 9. cxd5 cxd5 10. dxe5 Nxe5 11. O-O Bg4 12. Nd4 Rc8 13. Bb2 Ne4 14. Rac1 Bb4
15. Bxg4 Nxg4 16. Qd3 Bxc3 17. Bxc3 Ne5 0-1

[Event "Elit(Limhamn-Stockholms SS)"]
[Site "?"]
[Date "2017.10.20"]
[Round "1"]
[White "Cederstam Barsk, Carl"]
[Black "Helgason, Reynir"]
[Result "0-1"]
[WhiteElo "2319"]
[BlackElo "2295"]
[PlyCount "116"]
1. Nf3 d5 2. d4 e6 3. c4 a6 4. g3 dxc4 5. Bg2 b5 6. Ne5 c6 7. O-O Bb7 8. b3
cxb3 9. axb3 Nf6 10. Qd2 Bd6 11. Nd3 Nbd7 12. Ba3 Bxa3 13. Rxa3 O-O 14. Rc1 Qb6
15. Qb2 Rfc8 16. Nd2 h6 17. h3 a5 18. Qa1 Nd5 19. Ne4 Rd8 20. e3 Ra7 21. Kh2
Rda8 22. Ndc5 Nxc5 23. Nxc5 b4 24. Na4 Qc7 25. Ra2 Ba6 26. e4 Ne7 27. d5 e5 28.
Rac2 Bb5 29. Rc5 Qd6 30. dxc6 Bxc6 31. Rxe5 Bxa4 32. bxa4 Rd8 33. Rec5 Qd4 34.
Qa2 Qd3 35. e5 b3 36. Qb2 Qd2 37. Qxb3 Qxf2 38. R1c2 Qf5 39. Qb6 Rad7 40. Qxa5
Rd3 41. Qe1 Rd1 42. Qe2 Qe6 43. a5 Ra1 44. Rd2 Rxd2 45. Qxd2 Nf5 46. Qd8+ Kh7
47. Qd3 g6 48. Qc3 Qa2 49. e6 Qb1 50. h4 Qg1+ 51. Kh3 Ne3 52. Qb2 Nxg2 53. Qxa1
Qxa1 54. Kxg2 Qa2+ 55. Kg1 Qxe6 56. Rc2 Qe1+ 57. Kh2 Qxa5 58. Rf2 Kg7 0-1

[Event "Elit(LASK-Farsta)"]
[Site "?"]
[Date "2017.10.20"]
[Round "1"]
[White "Hjelm, Niclas"]
[Black "Dragicevic, Drazen"]
[Result "1/2-1/2"]
[WhiteElo "2358"]
[BlackElo "2349"]
[PlyCount "87"]
1. d4 Nf6 2. c4 g6 3. Nc3 d5 4. Nf3 Bg7 5. Qa4+ Bd7 6. Qb3 dxc4 7. Qxc4 O-O 8.
e4 Na6 9. e5 Ng4 10. h3 Nh6 11. Be2 c6 12. O-O Be6 13. Qa4 Nc7 14. Rd1 f6 15.
Bc4 Nd5 16. Nxd5 Bxd5 17. Bf4 Kh8 18. Bxd5 Qxd5 19. Qb4 Nf5 20. exf6 Bxf6 21.
Qxb7 Nxd4 22. Nxd4 Bxd4 23. Be3 e5 24. Rac1 Rab8 25. Qxc6 Qxc6 26. Rxc6 Rxb2
27. Rc7 Kg8 28. Bxd4 exd4 29. Rxd4 Rxa2 30. Rdd7 Rfxf2 31. Rg7+ Kf8 32. Rxh7
Rxg2+ 33. Kf1 Kg8 34. Rhg7+ Kf8 35. Rcf7+ Ke8 36. Rb7 Kf8 37. Rgf7+ Kg8 38.
Rg7+ Kf8 39. Rgc7 Rgf2+ 40. Ke1 Rfe2+ 41. Kd1 Rad2+ 42. Kc1 Ra2 43. Kb1 Rad2
44. Kc1 1/2-1/2

[Event "Elit(Team Viking-Kungstornet)"]
[Site "?"]
[Date "2017.10.20"]
[Round "1"]
[White "Henriksson, Johan"]
[Black "Cramling, Dan"]
[Result "1-0"]
[WhiteElo "2286"]
[BlackElo "2381"]
[PlyCount "69"]
1. d4 Nf6 2. c4 c5 3. Nf3 cxd4 4. Nxd4 e5 5. Nb5 d5 6. cxd5 Bc5 7. N5c3 O-O 8.
g3 Qb6 9. e3 Bg4 10. Be2 Bxe2 11. Qxe2 e4 12. Nd2 Bb4 13. O-O Re8 14. Qc4 Bxc3
15. bxc3 Qd6 16. Rd1 Nbd7 17. Qd4 Nb6 18. c4 Qd7 19. Bb2 Qh3 20. Rac1 h5 21. f4
Rac8 22. Nf1 Qd7 23. d6 Qe6 24. c5 Nbd7 25. Qb4 Rb8 26. Qa4 a6 27. Bd4 Rec8 28.
Rd2 Rc6 29. Rb2 Ne8 30. Rxb7 Rbc8 31. Qb3 Qf5 32. Rc3 h4 33. gxh4 Nef6 34. Bxf6
Nxf6 35. Qxf7+ 1-0

[Event "Elit(Limhamn-Stockholms SS)"]
[Site "?"]
[Date "2017.10.20"]
[Round "1"]
[White "Penalver, Osmani"]
[Black "Kassani, Sam"]
[Result "1/2-1/2"]
[WhiteElo "2237"]
[BlackElo "2203"]
[PlyCount "94"]
1. d4 d5 2. c4 c6 3. Nf3 Nf6 4. Nc3 dxc4 5. a4 Bf5 6. Ne5 Nbd7 7. Nxc4 Nb6 8.
Ne5 a5 9. e3 h6 10. Be2 e6 11. O-O Bb4 12. f3 O-O 13. e4 Bh7 14. Be3 Nfd7 15.
Nxd7 Nxd7 16. Qb3 e5 17. d5 Bc5 18. Nd1 Bxe3+ 19. Nxe3 Nc5 20. Qc3 Qb6 21. Kh1
Nb3 22. Rae1 Nd4 23. Nc4 Qb4 24. dxc6 Nxc6 25. Qxb4 axb4 26. Nb6 Rad8 27. Nd5
f5 28. Bc4 Kh8 29. exf5 Bxf5 30. Ne3 Bh7 31. Bd5 Bd3 32. Rg1 Ra8 33. Ng4 Rxa4
34. Bxc6 bxc6 35. Nxe5 Bc2 36. Re3 c5 37. Nd7 Rf5 38. Re8+ Kh7 39. Nf8+ Rxf8
40. Rxf8 b3 41. Rc8 c4 42. g4 Bd3 43. Rc1 Be2 44. Kg2 Ra2 45. R8xc4 Bxc4 46.
Rxc4 Rxb2+ 47. Kg3 Rc2 1/2-1/2

[Event "Elit(LASK-Farsta)"]
[Site "?"]
[Date "2017.10.20"]
[Round "1"]
[White "Jogstad, Martin"]
[Black "Namini, Armin"]
[Result "0-1"]
[WhiteElo "2259"]
[BlackElo "2173"]
[PlyCount "80"]
1. d4 Nf6 2. c4 g6 3. Nc3 Bg7 4. e4 d6 5. Be2 O-O 6. Nf3 e5 7. d5 Na6 8. Be3
Ng4 9. Bg5 f6 10. Bd2 f5 11. exf5 gxf5 12. h3 Nf6 13. g4 Nc5 14. Qc2 Nfe4 15.
Nxe4 Nxe4 16. Be3 c6 17. Nd2 Nxd2 18. Bxd2 cxd5 19. cxd5 Bd7 20. Rg1 Rc8 21.
Bc3 Qh4 22. Bd3 fxg4 23. O-O-O Rxf2 24. Qb3 gxh3 25. Qxb7 Rf7 26. Qa6 h2 27.
Rh1 Qg3 28. Kb1 Rxc3 29. bxc3 e4 30. Bxe4 Qxc3 31. Bxh7+ Kf8 32. Qxd6+ Ke8 33.
Qb8+ Bc8 34. Rde1+ Kd8 35. Qd6+ Rd7 36. Re8+ Kxe8 37. Qg6+ Kd8 38. Qg5+ Re7 39.
Rxh2 Qa1+ 40. Kc2 Qb2+ 0-1

[Event "Elit(Team Viking-Kungstornet)"]
[Site "?"]
[Date "2017.10.20"]
[Round "1"]
[White "Grandell, Anders"]
[Black "Larsson, Anders"]
[Result "1-0"]
[WhiteElo "2243"]
[BlackElo "2253"]
[PlyCount "61"]
1. d4 e6 2. c4 d5 3. Nc3 Be7 4. Nf3 Nf6 5. Bg5 O-O 6. e3 c6 7. Rc1 Nbd7 8. Be2
dxc4 9. Bxc4 Nd5 10. Bxe7 Qxe7 11. O-O Nxc3 12. Rxc3 e5 13. dxe5 Nxe5 14. Nxe5
Qxe5 15. f4 Qe4 16. Qe2 Bf5 17. Bd3 Qe6 18. e4 Rfe8 19. Re1 Qf6 20. Qf2 Be6 21.
e5 Qe7 22. f5 Bd5 23. f6 Qb4 24. Qg3 g6 25. Re2 Rad8 26. a3 Qd4+ 27. Kh1 Re6
28. Qg5 Kh8 29. Qh6 Rg8 30. Bc2 Qg4 31. Rh3 1-0

[Event "Elit(Eksjo-Upsala)"]
[Site "?"]
[Date "2017.10.20"]
[Round "1"]
[White "Johansson, Jan"]
[Black "Gdanski, Jacek"]
[Result "0-1"]
[WhiteElo "2337"]
[BlackElo "2474"]
[PlyCount "103"]
1. d4 g6 2. e4 Bg7 3. Nc3 c5 4. dxc5 Qa5 5. Bd2 Qxc5 6. Nd5 Na6 7. Nf3 Nf6 8.
Nxf6+ Bxf6 9. c3 O-O 10. Bd3 d6 11. O-O Qb6 12. Qb1 Nc5 13. Be3 Qc7 14. Bc2 b5
15. Re1 Rb8 16. a3 Bg4 17. Nd4 Rfc8 18. Qc1 e5 19. Ne2 Be6 20. Bg5 Qe7 21. Bxf6
Qxf6 22. Ng3 Na4 23. Nf1 d5 24. exd5 Bxd5 25. Ne3 Be6 26. Be4 Nc5 27. Bc2 Na4
28. Be4 Rd8 29. Re2 Nc5 30. Bc2 Na4 31. Be4 Qf4 32. Bc2 h5 33. c4 Bxc4 34. Nxc4
Qxc4 35. Qe3 Qd4 36. Qxe5 Qxe5 37. Rxe5 Nxb2 38. Re7 Rbc8 39. Bb3 Rc3 40. Bxf7+
Kf8 41. Rxa7 Nc4 42. Bxg6 Rxa3 43. Bxh5 b4 44. h4 Rxa1+ 45. Rxa1 Rd4 46. Be2
Nd2 47. h5 b3 48. Ra8+ Kg7 49. Rb8 Re4 50. Bd3 Rg4 51. Rb6 Rd4 52. h6+ 0-1

[Event "Elit(Rockaden,Sthlm-Malmo)"]
[Site "?"]
[Date "2017.10.20"]
[Round "1"]
[White "Jobava, Baadur"]
[Black "Hammer, Jon Ludvig"]
[Result "1-0"]
[WhiteElo "2702"]
[BlackElo "2632"]
[PlyCount "73"]
[SourceDate "2017.10.25"]
1. b3 e5 2. Bb2 Nc6 3. e3 d5 4. Bb5 Bd6 5. Nf3 f6 6. d4 e4 7. Nfd2 f5 8. c4 a6
9. Bxc6+ bxc6 10. Ba3 Nf6 11. Bxd6 cxd6 12. Nc3 Be6 13. cxd5 Nxd5 14. Nxd5 Bxd5
15. Qh5+ g6 16. Qh6 Kf7 17. h4 Qa5 18. Qf4 Ke6 19. h5 g5 20. Qxg5 Rag8 21. Qh6+
Ke7 22. g3 Rg4 23. Rh4 Rxh4 24. Qg5+ Kd7 25. Qg7+ Ke6 26. gxh4 Qd8 27. O-O-O
Rg8 28. Qxh7 Rg2 29. h6 Qa5 30. Kb1 Qc3 31. Qc7 Rxf2 32. h7 Qd3+ 33. Kb2 Rxd2+
34. Rxd2 Qxd2+ 35. Ka3 Qc1+ 36. Ka4 Bxb3+ 37. Ka5 1-0

[Event "Elit(Eksjo-Upsala)"]
[Site "?"]
[Date "2017.10.20"]
[Round "1"]
[White "Rasmussen, Allan Stig"]
[Black "Malm Lindberg, Henrik"]
[Result "1-0"]
[WhiteElo "2542"]
[BlackElo "2224"]
[PlyCount "121"]
1. d4 Nf6 2. c4 e6 3. g3 d5 4. Nf3 Be7 5. Bg2 O-O 6. Qc2 c5 7. dxc5 Bxc5 8.
cxd5 Bb4+ 9. Nc3 Nxd5 10. O-O Nxc3 11. bxc3 Be7 12. Rd1 Qa5 13. Nd4 Nd7 14. Rb1
Nc5 15. Nb3 Qc7 16. Be3 Rb8 17. Nxc5 Bxc5 18. Bxc5 Qxc5 19. Qa4 b5 20. Qd4 Qxd4
21. Rxd4 Rb6 22. Be4 f5 23. Bd3 Rc6 24. Rxb5 Rxc3 25. Rc4 Rxd3 26. exd3 Ba6 27.
Rbc5 Bxc4 28. dxc4 Rb8 29. Rc6 Kf7 30. Rc7+ Kf6 31. Rxa7 Rc8 32. Ra4 Ke5 33. h4
Rc7 34. Kg2 Kd4 35. Kf3 e5 36. Ra5 Rxc4 37. Ra7 e4+ 38. Kf4 g6 39. Rxh7 Kd3 40.
h5 e3+ 41. Kf3 exf2 42. Kxf2 gxh5 43. Kf3 Kd4 44. Kf4 Kc3+ 45. Ke3 Rg4 46. Kf3
Rg5 47. Rc7+ Kb4 48. Rc2 Rg8 49. Rh2 Rg5 50. Rh4+ Ka3 51. Kf4 Rg8 52. Rxh5 Rg4+
53. Kf3 Kxa2 54. Rxf5 Rg8 55. Rb5 Ka3 56. g4 Ka4 57. Rb1 Rf8+ 58. Ke4 Re8+ 59.
Kf5 Rf8+ 60. Ke6 Rg8 61. Rg1 1-0

[Event "Elit(Rockaden,Sthlm-Malmo)"]
[Site "?"]
[Date "2017.10.20"]
[Round "1"]
[White "Neiksans, Arturs"]
[Black "Grandelius, Nils"]
[Result "1/2-1/2"]
[WhiteElo "2584"]
[BlackElo "2653"]
[PlyCount "39"]
1. d4 Nf6 2. c4 e6 3. Nf3 d5 4. g3 Bb4+ 5. Bd2 Bd6 6. Bg2 c6 7. Nc3 Nbd7 8. b3
dxc4 9. bxc4 e5 10. e3 exd4 11. exd4 Qe7+ 12. Ne2 Ne4 13. O-O Nxd2 14. Nxd2 O-O
15. Nc3 Nf6 16. Nde4 Bf5 17. Qf3 Bxe4 18. Nxe4 Nxe4 19. Qxe4 Qxe4 20. Bxe4
1/2-1/2

[Event "Elit(Eksjo-Upsala)"]
[Site "?"]
[Date "2017.10.20"]
[Round "1"]
[White "Burwick, Malte"]
[Black "Vernersson, Per"]
[Result "1/2-1/2"]
[WhiteElo "2236"]
[BlackElo "2278"]
[PlyCount "45"]
1. Nf3 Nf6 2. g3 g6 3. Bg2 Bg7 4. O-O O-O 5. Re1 d6 6. e4 e5 7. h3 Nbd7 8. d4
Re8 9. Nc3 c6 10. a4 exd4 11. Nxd4 a5 12. Nb3 Qc7 13. Be3 h5 14. f4 Nb6 15. Kh2
Nc4 16. Bc1 Be6 17. Nd4 Rad8 18. b3 Nb6 19. Nxe6 Rxe6 20. Bd2 Nbd7 21. Re2 Nc5
22. Qg1 Rde8 23. Rae1 1/2-1/2

[Event "Elit(Rockaden,Sthlm-Malmo)"]
[Site "?"]
[Date "2017.10.20"]
[Round "1"]
[White "Pantsulaia, Levan"]
[Black "Barkhagen, Jonas"]
[Result "1/2-1/2"]
[WhiteElo "2593"]
[BlackElo "2421"]
[PlyCount "111"]
1. Nf3 d5 2. g3 Nf6 3. Bg2 c6 4. c4 Bf5 5. cxd5 cxd5 6. Qb3 Qb6 7. Qxb6 axb6 8.
Nc3 Bd7 9. d3 e6 10. Bf4 Bc5 11. a3 O-O 12. O-O d4 13. Na2 Nd5 14. Bd2 Nc6 15.
Nc1 Be7 16. Nb3 Bf6 17. Bg5 Bxg5 18. Nxg5 Nde7 19. Ne4 Nc8 20. f4 Rd8 21. Rfc1
Be8 22. Ned2 f6 23. Be4 N8e7 24. Rc4 Bf7 25. Rf1 h6 26. Rcc1 Nd5 27. Nc4 Ra6
28. h4 Kf8 29. Rf2 Ke7 30. Ncd2 Ke8 31. Na1 Raa8 32. Nc2 Ne3 33. Nf3 Rac8 34.
Nxe3 dxe3 35. Rff1 Bh5 36. Bxc6+ Rxc6 37. Rxc6 bxc6 38. Kg2 b5 39. Rc1 Kd7 40.
Nd4 Rc8 41. Rc5 Bg4 42. Kf1 Kd6 43. b4 e5 44. Nc2 exf4 45. gxf4 Bh3+ 46. Kg1
Bg4 47. Kf1 Bh3+ 48. Ke1 Re8 49. Nd4 Ra8 50. Nc2 Re8 51. Kd1 Bg4 52. Nd4 Ra8
53. Nc2 Re8 54. Ke1 Bh3 55. Nd4 Ra8 56. Nc2 1/2-1/2

[Event "Elit(Eksjo-Upsala)"]
[Site "?"]
[Date "2017.10.20"]
[Round "1"]
[White "Gajic, Mladen"]
[Black "Johansson, Thomas"]
[Result "1-0"]
[WhiteElo "2287"]
[BlackElo "2221"]
[PlyCount "73"]
1. d4 d5 2. Nf3 Nf6 3. e3 e6 4. Bd3 c5 5. c3 Nc6 6. O-O Qc7 7. Nbd2 Bd7 8. Re1
Bd6 9. Qe2 O-O-O 10. dxc5 Bxc5 11. b4 Bd6 12. Bb2 e5 13. e4 dxe4 14. Nxe4 Nxe4
15. Bxe4 Rhe8 16. Nd2 f5 17. Bxc6 Qxc6 18. a3 e4 19. c4 Qc7 20. Nf1 Be5 21. a4
Kb8 22. c5 f4 23. Bxe5 Qxe5 24. Nd2 f3 25. Qxe4 Qg5 26. Nxf3 Rxe4 27. Nxg5 Rxb4
28. Re7 Bxa4 29. Rxg7 h5 30. f4 Rd2 31. Ne6 b6 32. f5 Bd7 33. c6 Bxc6 34. f6
Rg4 35. Rxg4 hxg4 36. f7 Rxg2+ 37. Kf1 1-0

[Event "Elit(Rockaden,Sthlm-Malmo)"]
[Site "?"]
[Date "2017.10.20"]
[Round "1"]
[White "Blomqvist, Erik"]
[Black "Semcesen, Daniel"]
[Result "0-1"]
[WhiteElo "2521"]
[BlackElo "2482"]
[PlyCount "78"]
1. e4 e5 2. Nf3 Nc6 3. d4 exd4 4. Nxd4 Bb4+ 5. c3 Bc5 6. Be3 Bb6 7. Nf5 Bxe3 8.
Nxe3 Nf6 9. f3 O-O 10. c4 d6 11. Nc3 Re8 12. Qd2 a6 13. Be2 Bd7 14. O-O Ne5 15.
a4 a5 16. Rad1 Ng6 17. Rfe1 b6 18. Ned5 Bc6 19. Bd3 Ne5 20. f4 Ned7 21. Bc2 Nc5
22. Re3 Nxd5 23. cxd5 Bd7 24. e5 g6 25. Qf2 Qe7 26. Rf1 Qf8 27. h4 Re7 28. h5
f5 29. hxg6 hxg6 30. e6 Be8 31. g4 fxg4 32. Rg3 Qf6 33. Rxg4 Rg7 34. Qg3 Ra7
35. Rf2 c6 36. f5 gxf5 37. Bxf5 Qd4 38. Qxd6 Nd3 39. Bh7+ Kxh7 0-1

[Event "Elit(Eksjo-Upsala)"]
[Site "?"]
[Date "2017.10.20"]
[Round "1"]
[White "Svensson, Mans"]
[Black "Ornstein, Axel"]
[Result "0-1"]
[WhiteElo "2166"]
[BlackElo "2343"]
[PlyCount "102"]
1. d4 Nf6 2. c4 e6 3. Nc3 Bb4 4. Nf3 c5 5. g3 cxd4 6. Nxd4 Ne4 7. Qd3 Bxc3+ 8.
bxc3 Nc5 9. Qe3 b6 10. Bg2 Bb7 11. Bxb7 Nxb7 12. Ba3 Na6 13. Nb5 Nac5 14. Bxc5
bxc5 15. Rd1 a6 16. Nd6+ Nxd6 17. Rxd6 Qc7 18. Rd2 O-O 19. O-O Rfd8 20. Rfd1
Rab8 21. Rd6 Rb6 22. Qd2 Kf8 23. Rxb6 Qxb6 24. Qd6+ Qxd6 25. Rxd6 Ke7 26. Rxa6
Rb8 27. f3 Rb1+ 28. Kf2 Rc1 29. Ra3 g5 30. Rb3 Ra1 31. Rb2 Kd6 32. f4 g4 33.
Rc2 f5 34. Kg2 h5 35. Kf2 Ke7 36. Rb2 Rh1 37. Kg2 Rc1 38. Rb5 Kd6 39. Rb6+ Kc7
40. Rb5 Kc6 41. Ra5 Rxc3 42. Ra4 Kb7 43. Kf2 Rc1 44. Kg2 d6 45. Kf2 Rc3 46. Ke1
h4 47. Kd2 hxg3 48. hxg3 Rxg3 49. e3 Rg2+ 50. Kd3 g3 51. Ra3 Rb2 0-1

[Event "Elit(Eksjo-Upsala)"]
[Site "?"]
[Date "2017.10.20"]
[Round "1"]
[White "Rothen, Hakan"]
[Black "Sittenfeld, Johan"]
[Result "1/2-1/2"]
[WhiteElo "2264"]
[BlackElo "2167"]
[PlyCount "134"]
1. d4 Nf6 2. c4 e6 3. Nc3 Bb4 4. Qc2 O-O 5. Nf3 c5 6. dxc5 Bxc5 7. a3 b6 8. Bg5
Be7 9. e3 Bb7 10. Bd3 h6 11. Bh4 d5 12. O-O Nbd7 13. cxd5 Nxd5 14. Bxe7 Qxe7
15. Nxd5 Bxd5 16. Rac1 Nf6 17. e4 Bb7 18. e5 Nd7 19. Be4 Rac8 20. Qe2 Bxe4 21.
Qxe4 Rxc1 22. Rxc1 Nc5 23. Qc4 Qb7 24. h4 Rd8 25. b4 Na6 26. Kf1 Rd7 27. Qc8+
Qxc8 28. Rxc8+ Kh7 29. Ke2 Nc7 30. Ke3 g6 31. g3 Kg7 32. Nd4 Nd5+ 33. Ke4 a5
34. bxa5 bxa5 35. Nb5 Ne7 36. Ra8 Rd5 37. Nc7 Rc5 38. Ne8+ Kh7 39. Ra7 Rxe5+
40. Kxe5 Nc6+ 41. Kf6 Nxa7 42. Kxf7 Nb5 43. Nf6+ Kh8 44. a4 Nc3 45. Kxg6 Nxa4
46. Ne4 Nb2 47. f4 a4 48. Kxh6 a3 49. Nc3 Nd3 50. Kg6 e5 51. fxe5 Nxe5+ 52. Kf5
Nf3 53. Ke4 Nd2+ 54. Kf4 Kg7 55. g4 Kg6 56. Ke3 Nc4+ 57. Ke4 Nd2+ 58. Kf4 Nb1
59. Na2 Nd2 60. Ke3 Nf1+ 61. Kf2 Nh2 62. Kg3 Nf1+ 63. Kf4 Nh2 64. Nc3 Kh6 65.
h5 Nf1 66. Na2 Nd2 67. Ke3 Nf1+ 1/2-1/2

[Event "Elit(Rockaden,Sthlm-Malmo)"]
[Site "?"]
[Date "2017.10.20"]
[Round "1"]
[White "Bator, Robert"]
[Black "Bejtovic, Jasmin"]
[Result "1/2-1/2"]
[WhiteElo "2398"]
[BlackElo "2358"]
[PlyCount "104"]
1. d4 Nf6 2. Nf3 g6 3. c4 Bg7 4. g3 O-O 5. Bg2 d6 6. O-O c5 7. d5 b5 8. cxb5 a6
9. bxa6 Bf5 10. Ne1 Nxa6 11. Nc3 Nc7 12. e4 Bc8 13. Nd3 Ba6 14. a4 Nd7 15. f4
Rb8 16. Re1 c4 17. Nf2 Nc5 18. Ra2 Nd3 19. Nxd3 cxd3 20. Bf1 Bc4 21. Ra3 Bd4+
22. Kg2 Bc5 23. Ra1 Qd7 24. Bxd3 Bxd3 25. Qxd3 Rb3 26. Re2 Rfb8 27. Ra2 Qc8 28.
Be3 Na6 29. Bxc5 Nxc5 30. Qd1 Qa6 31. Rd2 R8b4 32. Qe2 Qa5 33. e5 Ne4 34. Rd3
Nxc3 35. bxc3 Rxa4 36. Rxa4 Qxa4 37. e6 f5 38. Kh3 Qa1 39. Qf3 Rb2 40. Rd1 Qa2
41. Rh1 Rd2 42. c4 Qxc4 43. Rd1 Rb2 44. Rg1 Rb3 45. Rc1 Qxc1 46. Qxb3 Qf1+ 47.
Kh4 Qe2 48. Kh3 Kg7 49. Qb7 Qg4+ 50. Kg2 Qe2+ 51. Kg1 Qe1+ 52. Kg2 Qe2+ 1/2-1/2

[Event "Elit(Eksjo-Upsala)"]
[Site "?"]
[Date "2017.10.20"]
[Round "1"]
[White "Thornblad, Erik"]
[Black "Thornert, Hakan"]
[Result "1/2-1/2"]
[WhiteElo "2110"]
[BlackElo "2231"]
[PlyCount "70"]
1. e4 c5 2. Nf3 d6 3. Bb5+ Bd7 4. Bxd7+ Qxd7 5. c4 Nf6 6. Nc3 Nc6 7. d4 Qg4 8.
O-O Nxd4 9. Nxd4 Qxd1 10. Rxd1 cxd4 11. Rxd4 Rc8 12. b3 g6 13. Rb1 Bg7 14. Rd1
a6 15. a4 Nd7 16. Nd5 e6 17. Nf4 Nc5 18. f3 Ke7 19. Be3 Rhd8 20. a5 Nd7 21.
Rdc1 Ne5 22. Bb6 Re8 23. Rd1 Nd7 24. Be3 Bc3 25. Bd2 Bxd2 26. Rxd2 Nf6 27. Ra1
Red8 28. h4 h6 29. Ra4 g5 30. hxg5 hxg5 31. Nd3 g4 32. Kf2 gxf3 33. gxf3 Nd7
34. Rb4 Rc7 35. Ke3 Rg8 1/2-1/2

[Event "Elit(Rockaden,Sthlm-Malmo)"]
[Site "?"]
[Date "2017.10.20"]
[Round "1"]
[White "Agrest, Inna"]
[Black "Hedman, Erik"]
[Result "1-0"]
[WhiteElo "2271"]
[BlackElo "2368"]
[PlyCount "67"]
1. e4 c5 2. Nf3 Nc6 3. d4 cxd4 4. Nxd4 Nf6 5. Nc3 d6 6. Bg5 e6 7. Qd2 a6 8.
O-O-O Bd7 9. f3 Be7 10. h4 h6 11. Be3 h5 12. Bg5 Qc7 13. Kb1 Nxd4 14. Qxd4 b5
15. Qd2 Rb8 16. Bd3 a5 17. Rhe1 b4 18. Ne2 e5 19. f4 Bg4 20. f5 O-O 21. Rc1 d5
22. Ng3 Rfd8 23. exd5 Nxd5 24. Bxe7 Qxe7 25. Qf2 Qxh4 26. Rxe5 Qf6 27. Rce1 a4
28. Nf1 a3 29. Qg3 Qb6 30. Nd2 Qd4 31. Nc4 axb2 32. Rxd5 Qxd5 33. Qf2 Qd4 34.
Re8+ 1-0

[Event "Elit(Eksjo-Upsala)"]
[Site "?"]
[Date "2017.10.20"]
[Round "1"]
[White "Malesevic, Nedeljko"]
[Black "Cederberg, Karl Olof"]
[Result "1-0"]
[WhiteElo "2251"]
[BlackElo "2161"]
[PlyCount "157"]
1. d4 Nf6 2. c4 Nc6 3. Nf3 e6 4. a3 d5 5. Nc3 Ne4 6. Qc2 f5 7. g3 Be7 8. Bg2
Bf6 9. e3 O-O 10. O-O g5 11. cxd5 exd5 12. Qb3 Nxc3 13. bxc3 Na5 14. Qa2 Nc4
15. Nd2 Nb6 16. e4 fxe4 17. Nxe4 Be7 18. f4 gxf4 19. Bxf4 Bf5 20. Nc5 Bxc5 21.
dxc5 Nc4 22. Bxc7 Qxc7 23. Bxd5+ Kg7 24. Qxc4 Rac8 25. Qd4+ Kg6 26. c4 h5 27.
Rf4 Qxc5 28. Qxc5 Rxc5 29. Bxb7 Re8 30. Bd5 Re5 31. Kf2 Ra5 32. Rf3 Be4 33.
Bxe4+ Rxe4 34. Rc1 Rc5 35. Rf4 Re6 36. Rc3 Kg5 37. Kf3 Re1 38. h4+ Kg6 39. Kf2
Re6 40. g4 hxg4 41. Rxg4+ Kh5 42. Rd4 Rf5+ 43. Rf3 Rfe5 44. Rd5 Kxh4 45. Rxe5
Rxe5 46. Re3 Rc5 47. Re4+ Kg5 48. Ke3 Kf5 49. Rh4 Kg5 50. Rd4 Kf5 51. Kd3 Ke5
52. Rh4 Kd6 53. Kc3 Kc6 54. Rh6+ Kb7 55. Kb4 Rg5 56. Rd6 Rg1 57. Kc5 Ra1 58.
Rd7+ Ka6 59. Rd3 Kb7 60. Kd6 Rh1 61. Rb3+ Kc8 62. Re3 Rh7 63. c5 Rd7+ 64. Kc6
Rc7+ 65. Kb5 Kb7 66. Re6 a6+ 67. Kb4 Rh7 68. Rb6+ Ka7 69. Ka5 Rh3 70. Rxa6+ Kb7
71. Rb6+ Ka7 72. a4 Rc3 73. Kb5 Rb3+ 74. Kc6 Ra3 75. Kc7 Rxa4 76. Rb1 Ka6 77.
c6 Rd4 78. Ra1+ Kb5 79. Kb7 1-0

[Event "Elit(Rockaden,Sthlm-Malmo)"]
[Site "?"]
[Date "2017.10.20"]
[Round "1"]
[White "Engqvist, Thomas"]
[Black "Ziegler, Ari"]
[Result "0-1"]
[WhiteElo "2352"]
[BlackElo "2318"]
[PlyCount "104"]
1. Nf3 g6 2. e4 Bg7 3. d4 d6 4. c3 Nf6 5. Qc2 O-O 6. h3 b6 7. Be3 Bb7 8. Nbd2
c5 9. Nh2 cxd4 10. cxd4 Nbd7 11. Ng4 Rc8 12. Qb1 Rc7 13. Bd3 e5 14. d5 Nc5 15.
Be2 h5 16. Nh2 Qc8 17. b4 Na4 18. Bd3 Nc3 19. Qb3 Nfxd5 20. exd5 Bxd5 21. Qa3
Bxg2 22. Rg1 Qxh3 23. Bf1 Bxf1 24. Nhxf1 d5 25. f3 Rfc8 26. Qb3 Qf5 27. Rg2 d4
28. Bg1 Bh6 29. a4 Bg5 30. a5 Qd3 31. Bh2 Bh4+ 32. Bg3 Bxg3+ 33. Nxg3 Qe3+ 34.
Kf1 Nd5 35. Qxe3 Nxe3+ 36. Kf2 Nxg2 37. Kxg2 Rc2 38. Ngf1 Rb2 39. axb6 axb6 40.
Kg3 Rcc2 41. Ne4 Rg2+ 42. Kh3 f5 43. Ra8+ Kg7 44. Ra7+ Kh6 45. Nf6 Kg5 46. Nd5
h4 47. Nc7 Rg1 48. Ne6+ Kf6 49. Kxh4 Rxf1 50. Nf8 Rh1+ 51. Kg3 f4+ 52. Kg4 Rg2#
0-1